| 000 | 02195nam a22003617a 4500 | ||
|---|---|---|---|
| 005 | 2011051002362.0 | ||
| 008 | 110510t xxu||||| |||| 00| 0 eng d | ||
| 010 | _aB-425606-610 | ||
| 020 |
_a9780198060345 _c995.00 |
||
| 020 |
_a0198060343 _c995.00 |
||
| 035 | _aB-425606-610 | ||
| 037 | _bRBC/VEN | ||
| 040 | _aDPL | ||
| 082 | _a301.0954 | ||
| 100 |
_aSrinivas, Mysore Narasimhachar. _927920 |
||
| 245 |
_aThe Oxford India Srinivas _c M.N. Srinivas ; with an introduction by Ramachandra Guha ; and foreword by A.M. Shah. |
||
| 260 |
_aNew Delhi : _bOxford University Press, _c2011. |
||
| 270 |
_aYMCA Library Buliding, Jai shing road _bNew Delhi _e110001 |
||
| 300 |
_axxviii, 733 p. : _c23 cm. (Hb) |
||
| 504 | _aIncludes bibliographical references and Index | ||
| 520 | _aArticles chiefly on various aspects of social change in India. | ||
| 650 |
_aSocial change _zIndia _927921 |
||
| 651 |
_aIndia _xSocial conditions _y1947- _927922 |
||
| 651 |
_aIndia _xRural conditions. _927923 |
||
| 942 |
_2ddc _cEN _mSRI _h301.0954 |
||
| 999 |
_c52251 _d52251 |
||